| 000 | 01067nam a2200277 i 4500 | ||
|---|---|---|---|
| 001 | 000030834 | ||
| 003 | DO-SdBNP | ||
| 005 | 20260205082959.0 | ||
| 007 | ta | ||
| 008 | 100203t1915 dr ac 000 0 spa d | ||
| 040 |
_aDO-SdBNP _bspa _cBNPHU _erda |
||
| 041 | _aspa | ||
| 082 | 4 |
_aF-RD 47 _bS487a 1915 _222 |
|
| 100 | 1 |
_aSerra, José María, _d1819-1888 _910480 _4aut. _eautor |
|
| 245 | 1 | 0 |
_aApuntes para la historia de los Trinitarios : _bfundadores de la República Dominicana / _cJosé María Serra. |
| 264 |
_aSanto Domingo : _bImp. J. R. vda. García, _c1915. |
||
| 300 |
_a24 páginas : _bilustraciones, retratos ; _c21 cm. |
||
| 336 |
_atexto _btxt _2rdacontent |
||
| 337 |
_asin mediación _bn _2rdamedia |
||
| 338 |
_avolumen _bnc _2rdacarrier |
||
| 610 | 2 | 4 |
_aLA TRINITARIA (SOCIEDAD POLÍTICA DE LA REPÚBLICA DOMINICANA) _910481 |
| 651 | 0 |
_aRepública Dominicana -- _xHistoria -- _y1844-1930 _91009 |
|
| 651 | 4 |
_aRepública Dominicana _xHistoria _yOCUPACIÓN HAITIANA, 1822-1844 _97666 |
|
| 910 | _aValidado. Control de calidad EMS. | ||
| 942 |
_2ddc _cLF2 |
||
| 999 |
_c30326 _d30326 |
||